01013 2200397 4500001002100000005001500021035002500036020002200061040001700083082001400100084001400114090001600128100001600144245004400160250001800204260003600222300004500258500003100303650001400334850001200348990001700360990001700377990001700394990001700411990001700428990001700445990001700462990001700479990001700496990001700513990001700530990001700547990001700564990001700581990001700598YOGYA00000000010135420230922094811 a0010-031400000000190 a978-979-756-917-4 aYOPDYOGbind042[22]a612 a612 GIR f aQ 612 GIR f aGiri Wiarto10aFisiologi dan olahraga /c/ Giri Wiarto aEd. 1, cet. 131aYogyakarta :bGraha Ilmu,c2013 aix, 211 hlm. :bilus. ;c26 cm. (5 eks.) aBibliografi : hlm. 199-20104aFisiologi aYOPDYOG a5811/PD.2014 a5812/PD.2014 a5813/PD.2014 a5814/PD.2014 a5815/PD.2014 a5813/PD.2014 a5811/PD.2014 a5812/PD.2014 a5814/PD.2014 a5815/PD.2014 a5813/PD.2014 a5811/PD.2014 a5812/PD.2014 a5814/PD.2014 a5815/PD.2014